000 01410nam a2200361 c 4500
003 BLK
005 20220818095732.0
008 180409b bul|||||r ||||||| ||bul||
010 _aKNG00121055000
040 _aBLK
041 _aBUL
_cBUL
080 _aЖивопис - художници
_b75.071.1
_x(497.2)(092)
_z75.071.1(497.2)(092)
080 _aБългарски художник(1902-1991)
_b929 Бараков, Васил Христов
_x
_z929 Бараков, Васил Христов
100 1 _aСтефанова, Невена
_eпърви автор
_9365481
139 _aСтефанова, Невена
_bБ 26
245 1 0 _aКнига за Васил Бараков
_cНевена Стефанова.
257 _aBGR
260 Пловдив
_bХристо Г. Данов
_c1981
300 _a208 с., 16 л.
_bрепрод.
_c21 см
380 _a7
600 1 4 _aБараков, Васил
_9313916
650 4 _aХудожници, български
_9246650
650 4 _aХудожници - биографии
_9269538
653 _aхудожници
653 _aживопис
653 _aБългария
653 _aБараците
852 _aЦб 112104
856 4 _qpdf
_u
856 4 _qpdf
_u
942 _cKNG
_n0
_01
944 _aCR
_c29.01.2011
_lдобави в АБ / 28.01.2011
_kИрена_Линкова
944 _aED
_c13.01.2015
_lдобави в АБ / 28.01.2011
_kИрена_Линкова
999 _c115570
_d115570